El libro abierto de la informática educativa: lecciones y desafíos de la red enlaces

Uloženo v:
Podrobná bibliografie
Hlavní autoři: Bilbao Zepeda, Manuel Alejandro (Autor), Salinas, Alvaro (Autor)
Médium: Kniha
Jazyk:španělština
Vydáno: Santiago Ministerio de Educación, Gobierno de Chile 2010
Vydání:1a. ed
Témata:
Tagy: Přidat tag
Žádné tagy, Buďte první, kdo vytvoří štítek k tomuto záznamu!

MARC

LEADER 00000nam a2200000 a 4500
001 UCG4013
003 CL-VaPUC
008 101004e20100100CL |||||||||||||||||spa|d
020 |a 9789562922692 
082 0 4 |a 371.334  |b BIL  |2 21 
100 0 |a Bilbao Zepeda, Manuel Alejandro  |e author  |9 553308 
700 0 |a Salinas, Alvaro  |e author  |9 553309 
245 1 3 |a El libro abierto de la informática educativa: lecciones y desafíos de la red enlaces 
250 |a 1a. ed 
300 |a 219 p 
942 |c BK 
945 |d 20101004 00:00:00  |a mfarfan 
260 |a Santiago  |b Ministerio de Educación, Gobierno de Chile  |c 2010 
650 0 |a Educación  |9 258661 
650 0 |a Informática   |9 260044 
650 0 |a Enseñanza  |9 256457 
650 0 |a Políticas públicas  |9 309677 
583 |a last modification  |c 20120622 09:47:38  |k Rodrigo Vera 
999 |c 342922  |d 342920 
952 |0 0  |1 0  |4 0  |6 371_334000000000000_BIL_2010  |7 0  |8 A  |9 439623  |a BIBEDU  |b BIBEDU  |d 2019-11-22  |i 4723422  |o 371.334 BIL 2010  |p 4723422  |r 2019-11-22  |w 2019-11-22  |y BK  |k EPE 
952 |0 0  |1 0  |4 0  |6 371_334000000000000_BIL_2010  |7 0  |8 A  |9 439624  |a BIBEDU  |b BIBEDU  |d 2019-11-22  |i 4788036  |o 371.334 BIL 2010  |p 4788036  |r 2019-11-22  |w 2019-11-22  |y BK  |k EPE 
952 |0 0  |1 0  |4 0  |6 371_334000000000000_BIL_2010  |7 0  |8 A  |9 439625  |a BIBEDU  |b BIBEDU  |d 2019-11-22  |i 4844726  |o 371.334 BIL 2010  |p 4844726  |r 2019-11-22  |w 2019-11-22  |y BK  |k EPE